书目信息 |
| 题名: |
计算机绘图 (中级)
|
|
| 作者: | 李启炎 主编 ;赵晓东 编著 | |
| 分册: | ||
| 出版信息: | 上海 同济大学出版社 2004.07 |
|
| 页数: | 315页, [1] 叶图版 | |
| 开本: | 26cm | |
| 丛书名: | ||
| 单 册: | ||
| 中图分类: | TP391.72 | |
| 科图分类: | ||
| 主题词: | 制图程序--zhi tu cheng xu--教材 | |
| 电子资源: | ||
| ISBN: | 978-7-5608-2874-9 | |
| 000 | 01130nam0 2200277 450 | |
| 001 | 012009419076 | |
| 005 | 20090918135800.32 | |
| 010 | @a978-7-5608-2874-9@dCNY29.00 | |
| 100 | @a20090918d2004 em y0chiy0120 ea | |
| 101 | 0 | @achi |
| 102 | @aCN@b310000 | |
| 105 | @aafh z 000yy | |
| 106 | @ar | |
| 200 | 1 | @a计算机绘图 (中级)@Aji suan ji hui tu(zhong ji)@eAutoCAD 2004三维建模与深入运用@f李启炎主编@Fli qi yan zhu bian@g赵晓东 ... [等] 编著@Gzhao xiao dong...[deng]bian zhu |
| 210 | @a上海@c同济大学出版社@d2004.07 | |
| 215 | @a315页, [1] 叶图版@c图, 摹真@d26cm | |
| 300 | @a全国CAD应用培训网络工程设计中心统编教材 | |
| 312 | @a封面副题名为 : AutoCAD 2004版三维建模与深入运用 | |
| 330 | @a本书主要内容是讲述了AutoCAD 基本绘图、高效绘图与技巧、文字注释与尺寸标注、打印出图与图纸空间等15章内容。 | |
| 517 | 1 | @aAutoCAD 2004三维建模与深入运用@AAutoCAD 2004 san wei jian mo yu shen ru yun yong |
| 606 | 0 | @a制图程序@Azhi tu cheng xu@j教材 |
| 690 | @aTP391.72@v4 | |
| 701 | 0 | @a李启炎@Ali qi yan@4主编 |
| 702 | 0 | @a赵晓东@Azhao xiao dong@4编著 |
| 801 | 0 | @aCN@bQSSK@c20090918 |
| 905 | @b755454-58@dTP391.72@eL238@f5 | |
| 计算机绘图 (中级):AutoCAD 2004三维建模与深入运用/李启炎主编/赵晓东 ... [等] 编著.-上海:同济大学出版社,2004.07 |
| 315页, [1] 叶图版:图, 摹真;26cm |
| 全国CAD应用培训网络工程设计中心统编教材 |
| ISBN 978-7-5608-2874-9:CNY29.00 |
| 本书主要内容是讲述了AutoCAD 基本绘图、高效绘图与技巧、文字注释与尺寸标注、打印出图与图纸空间等15章内容。 |
| ● |
| 相关链接 |
|
|
|
正题名:计算机绘图 (中级)
索取号:TP391.72/L238
 
预约/预借
| 序号 | 登录号 | 条形码 | 馆藏地/架位号 | 状态 | 备注 |
| 1 | 755454 | 207554546 | 自科二线504/504自科库 21排1列5层/ [索取号:TP391.72/L238] | 在馆 | |
| 2 | 755455 | 207554555 | 自科库301/301自科库 110排1列3层/ [索取号:TP391.72/L238] | 在馆 | |
| 3 | 755456 | 207554564 | 自科二线504/504自科库 21排1列5层/ [索取号:TP391.72/L238] | 在馆 | |
| 4 | 755457 | 207554573 | 自科库301/301自科库 110排1列3层/ [索取号:TP391.72/L238] | 在馆 | |
| 5 | 755458 | 207554582 | 自科二线504/504自科库 21排1列5层/ [索取号:TP391.72/L238] | 在馆 |